| 000 | 00624nam a22001937a 4500 | ||
|---|---|---|---|
| 999 |
_c1758 _d1758 |
||
| 003 | AR-CdUCM | ||
| 008 | 190227b ||||| |||| 00| 0 spa d | ||
| 040 |
_aMUNICIPALIDAD PROVINCIAL DEL CUSCO _cBIBLIOTECA MUNICIPAL DEL CUSCO |
||
| 082 |
_a869.560 / _bP44 |
||
| 100 |
_aPérez Ocampo, Gustavo _960 |
||
| 245 | _aDistancia y soledad de Machupijchu / | ||
| 260 |
_aQosqo : _bMunicipalidad del Qosqo, _c1991. |
||
| 300 |
_a55 páginas ; _bfotos ; _c21 cm. |
||
| 650 |
_aPoesias peruanas _95731 |
||
| 650 |
_aPoesias cusqueñas _96460 |
||
| 650 |
_aLiteratura cusqueña _9164 |
||
| 942 |
_2ddc _cLIBROS |
||
| 945 |
_araen _d2019-02-27 |
||